000 00810nam a2200241 a 4500
003 MX-MxUPN
005 20241002105129.0
008 991125s1925 mx fr 000 0 spa d
035 _aUPN01000005251
040 _aMX-MxUPN
_bspa
_cMX-MxUPN
041 _aspa
050 4 _aBF431
_bB73 1925
100 1 _953810
_aBoder, David P.
_d1886-1961
_q(David Pablo),
245 0 3 _aLa B-S-T-M :
_bla escala Binet-Simon-Terman en su adaptación provisional para México
260 _aMéxico :
_bTalleres Gráficos de la Nación,
_c1925.
300 _a140 páginas
650 4 _aInteligencia
_9939
650 4 _aPruebas mentales
_915534
710 2 _aInstituto Nacional de Investigación Educativa (México)
_epropietario anterior
_928086
902 _bMaríaRobles/021024
905 _aLibro
942 _2lcc
_cLIBRO
_n0
999 _c5251
_d5251